Jemné soustružení litiny

Bibliographic Details
Main Author: Mádl, Jan (Author)
Format: Article
Language:Czech
Subjects:
Source: 1. Náradie 1. Roč. 11(14), č. 4 (1984), s. 30-32
LEADER 00754nab#a2200337#ar4500
001 000103466
003 SVKKK
005 20101227121955.0
008 101227c1984 xo |||||||||||||||b|cze
FMT
015 |a SNBRB2010/12 
038 |a SVKKK 
040 |a SVKKK  |b slo  |e AACR2 
041 0 |a cze 
044 |a xo  |c SK 
080 |a 669.13  |2 1997 
080 |a 621.941  |2 1997 
100 1 |a Mádl, Jan  |4 aut 
245 1 0 |a Jemné soustružení litiny  |c Jan Mádl 
300 |b Obr. 
504 |a Bibliogr. odkazy 
650 0 4 |a liatina 
650 0 4 |a jemné sústruženie 
773 0 |t Náradie  |g Roč. 11(14), č. 4 (1984), s. 30-32 
958 |a RK 
958 |a NB 
974 |a Ma 
992 |a RBX 
BAS
852 |a SVKKK  |b BIB 
998 |a HUT